Les équipes ayant éliminé le Real Madrid le plus de fois en Europe - Statistiques

Statistiques générales
  • Ce quiz a été pris 159 fois
  • Le résultat moyen est 11 sur 13
Statistiques - réponses
N Équipes % Correct
2 FC Barcelone
99%
5 Bayern Munich
95%
2 Manchester City
92%
2 AC Milan
90%
2 Liverpool FC
90%
4 Juventus
89%
2 Chelsea
87%
2 Inter
87%
2 Arsenal
82%
2 Paris Saint-Germain
80%
2 Ajax
74%
2 Benfica
58%
2 PSV Eindhoven
40%
Aucun quiz correspondant
Distribution des résultats
% des personnes avec chaque résultat
Percentile par nombre de réponses
Votre historique - résultats
Vous n’avez pas pris ce quiz